[Event "Panchenko Memorial 2019"]
[Site "Chelyabinsk"]
[Date "2019.09.10"]
[Round "2.9"]
[White "Gutenev, Alexander"]
[Black "Tunik, Gennady"]
[Result "1/2-1/2"]
[WhiteElo "2491"]
[BlackElo "2358"]
[Annotator "TA"]
[PlyCount "90"]
[EventDate "2019.09.09"]
[EventType "swiss"]
[EventCountry "RUS"]
[SourceTitle "playchess.com"]
[Source "ChessBase"]
[SourceQuality "1"]

{[%evp 16,90,47,25,60,72,75,61,56,29,49,43,55,45,55,57,56,77,77,78,65,62,77,62,84,56,77,64,75,82,62,70,70,78,78,50,73,73,79,0,0,0,0,0,0,0,0,0,0,0,67,0,28,0,12,18,21,0,0,-2,-2,-7,-7,-7,-7,-7,-8,-8,-6,-122,0,0,0,-116,0,0,0]} 1. e4 c5 2. Nf3 e6 3. d4 cxd4 4. Nxd4 Nc6 5. Nc3 a6 6. Be2 Nge7 7. O-O Nxd4 8. Qxd4 Nc6 9. Qd3 Be7 {B46: Sicilian: Taimanov: 5 Nc3 a6} 10. Bf4 O-O 11. Rad1 b5 {White is slightly better.} 12. Bd6 Bxd6 $146 ({Predecessor:} 12... f6 13. Bxe7 Qxe7 14. f4 Rd8 15. Qd6 Qxd6 16. Rxd6 Kf8 17. Bf3 Ke7 18. e5 Bb7 19. Bxc6 Bxc6 20. Rfd1 {½-½ (23) Kaplan,J-Taimanov,M (2540) Hastings 1976}) 13. Qxd6 Ra7 14. f4 (14. a3 {seems wilder.} Rc7 15. Rd2 Bb7 16. Rfd1 Ne7 17. a4) 14... Qe7 15. a4 Qxd6 16. Rxd6 b4 17. Nd1 f6 18. Ne3 Kf7 19. Rfd1 Ke7 20. Nc4 Rc7 21. Nb6 Nb8 {[#]} 22. R1d2 $1 Bb7 23. R6d4 a5 24. Bb5 Rd8 25. b3 e5 26. fxe5 fxe5 27. Rc4 (27. Nd5+ $16 Bxd5 28. Rxd5) 27... Rxc4 $11 28. Nxc4 Bxe4 29. Nxe5 d5 30. Kf2 Ke6 31. Nc4 Rc8 32. Nxa5 Bxc2 ({Better is} 32... Rc3 $11) 33. Rd4 ({White should play} 33. Re2+ $14 Kf6 34. Ke3) 33... Be4 34. Rxb4 (34. Nc4 $5) 34... Rc2+ 35. Ke3 Ke5 36. Bf1 {Strongly threatening Nc4+!} Nd7 37. Nc4+ dxc4 38. Rb5+ Kd6 {And now ...Bc6 would win.} 39. Kxe4 {[%mdl 4096] Endgame KRB-KRN} Nc5+ 40. Ke3 cxb3 41. a5 b2 {Hoping for ...Rc3+.} 42. Kd4 (42. Rb6+ $11 Kc7 43. Kd4) 42... Ne6+ 43. Ke3 Nc5 {Threatens to win with ...Rc3+.} 44. Kd4 {[#]} Ne6+ (44... Rc1 $1 $17 45. Rb6+ Kd7) 45. Ke3 Nc5 {Accuracy: White = 46%, Black = 69%.} 1/2-1/2

[Event "Panchenko Memorial 2019"]
[Site "Chelyabinsk"]
[Date "2019.09.10"]
[Round "2.10"]
[White "Solozhenkina, Elizaveta"]
[Black "Drygalov, Sergey"]
[Result "1/2-1/2"]
[WhiteElo "2324"]
[BlackElo "2487"]
[Annotator "TA"]
[PlyCount "80"]
[EventDate "2019.09.09"]
[EventType "swiss"]
[EventCountry "RUS"]
[SourceTitle "playchess.com"]
[Source "ChessBase"]
[SourceQuality "1"]

{[%evp 24,80,38,20,29,36,31,17,30,38,80,86,123,112,135,122,131,62,65,31,27,30,29,20,28,28,38,17,44,8,9,4,4,4,2,2,32,32,32,32,32,8,11,2,2,2,2,2,8,2,8,8,8,2,8,0,8,0,9]} 1. e4 e5 2. Nf3 Nc6 3. Nc3 Nf6 4. Bb5 Bb4 5. O-O O-O 6. d3 Bxc3 7. bxc3 d6 8. Bg5 Qe7 9. Re1 Nd8 10. d4 Ne6 11. Bc1 c6 12. Bf1 Qc7 13. g3 Rd8 {C49: Four Knights: 4 Bb5 Bb4} 14. a4 b6 {[#]} 15. Ba3 $146 ({Predecessor:} 15. Bg2 Bb7 16. Bb2 Re8 17. Qd2 Rad8 18. Rad1 c5 19. d5 Nf8 20. c4 Ng6 {½-½ (74) Chekhov,V (2505)-Aleksandrov,A (2535) Moscow 1996}) 15... Bb7 16. Bg2 b5 17. Qe2 exd4 18. Nxd4 Nxd4 19. cxd4 Re8 {[#]} 20. axb5 (20. e5 $1 $16) 20... cxb5 $14 21. Qxb5 {Hoping for e5.} Bxe4 22. c4 a6 23. Qa4 Bxg2 24. Kxg2 Rxe1 25. Rxe1 h5 26. d5 Rc8 27. Qxa6 Qxc4 28. Qxc4 Rxc4 29. Bxd6 $11 {[%mdl 4096] Endgame KRB-KRN} Rd4 (29... Ra4 {is interesting.} 30. Re7 Ra5 31. Rb7 Rxd5 32. Bb4 Nd7) 30. Be5 Rxd5 31. Bxf6 gxf6 $14 {KR-KR} 32. Re4 Kg7 {The position is equal.} 33. h4 f5 34. Ra4 Rb5 35. Kf3 Kg6 36. Ra6+ f6 37. Ra4 Rb3+ 38. Kf4 Rb2 39. Kf3 Rb3+ 40. Kf4 Rb2 {Accuracy: White = 50%, Black = 48%.} 1/2-1/2

[Event "Panchenko Memorial 2019"]
[Site "Chelyabinsk"]
[Date "2019.09.11"]
[Round "3.1"]
[White "Sivuk, Vitaly"]
[Black "Salemgareev, Tagir"]
[Result "1/2-1/2"]
[WhiteElo "2559"]
[BlackElo "2457"]
[Annotator "TA"]
[PlyCount "126"]
[EventDate "2019.09.09"]
[EventType "swiss"]
[EventCountry "RUS"]
[SourceTitle "playchess.com"]
[Source "ChessBase"]
[SourceQuality "1"]

{[%evp 22,126,0,-5,54,60,63,62,57,47,58,46,59,64,58,56,57,52,126,111,122,116,131,119,120,120,133,140,138,140,131,149,145,119,221,210,231,232,218,208,193,194,165,168,259,260,291,287,317,317,430,427,421,432,416,418,381,397,377,367,350,164,183,160,152,153,210,204,260,238,199,118,95,110,133,132,120,120,118,8,86,70,71,71,130,125,265,219,218,86,130,130,137,-10,-8,-8,-8,-86,-81,-81,0,0,0,-103,0,0,0]} 1. d4 Nf6 2. c4 e6 3. Nc3 Bb4 4. e3 O-O 5. Bd3 d5 6. a3 Bxc3+ 7. bxc3 dxc4 8. Bxc4 c5 9. Ne2 Qc7 10. Ba2 b6 11. O-O Bb7 12. f3 Bd5 $146 {E49: Nimzo-Indian: Rubinstein: 5 Bd3 d5 6 a3 Bxc3+ 7 bxc3} (12... Ba6 $11) ({Predecessor:} 12... Nbd7 13. e4 e5 14. d5 Ne8 15. Bg5 Nd6 16. Be7 Rfe8 17. Bxd6 Qxd6 18. Bc4 Nf8 19. Ng3 Bc8 20. Bb5 {1-0 (57) Degtiarev,E (2258)-Bratovic,B (2320) Balatonlelle 2003}) 13. c4 $14 Bb7 14. Bb2 cxd4 {White is slightly better.} 15. exd4 Nbd7 16. Rc1 Rfe8 17. Qd2 Rac8 18. Ng3 Qd8 19. Rfd1 Nf8 (19... Qe7 $14) 20. d5 $1 $16 e5 21. Nf5 Ng6 22. Re1 Ba6 23. f4 {[%cal Rf4e5]} exf4 24. Qd4 $1 {aiming for Rxe8+.} Rxe1+ 25. Rxe1 Rc5 26. Nh6+ Kf8 27. Ng4 Bc8 (27... Nh5 $16 28. Ne5 Nf6) 28. Nxf6 $40 {[%mdl 128] White has strong attack.} gxf6 29. Qxf6 Qxf6 30. Bxf6 Bd7 31. h4 h5 32. Bb3 Rc8 (32... Kg8 {was called for.} 33. Re4 Kh7) 33. Bd1 Rxc4 34. Bxh5 Kg8 35. Bf3 b5 36. h5 Nf8 37. Re7 Rc8 38. d6 Be6 39. Rxa7 Nd7 40. Bd4 Kh7 41. Be2 (41. Rc7 $142 Rd8 42. Rb7) 41... Rc6 42. Bxb5 Rxd6 43. Bc3 Kh6 (43... Rd5 $16 {is a better defense.}) 44. Be2 Kg5 45. Ra8 f6 46. Bf3 (46. Ra5+ $18 Ne5 47. Bxe5 fxe5 48. Rxe5+ Kf6 49. Ra5) 46... Rd3 47. Ra5+ Kh6 48. Bb2 Rb3 49. Bd4 Rd3 50. Ra4 (50. Ba1 $1 $16) 50... Kg5 (50... Bb3 $1 $11 {keeps the balance.} 51. Rb4 Bd1) 51. Bb2 {Bc1! is the strong threat.} Ne5 52. Ra5 Kf5 (52... Bg4 $142) 53. a4 $16 {[%cal Ba3a4,Ba4a5][%mdl 32]} Rd2 (53... Bb3 $16) 54. Bc3 Rc2 55. Rc5 (55. Bxe5 $1 $18 {and White stays clearly on top.} fxe5 56. Ra7) 55... Kg5 {[#]} 56. a5 $1 {[%cal Ra5a6] Strongly threatening a6.} Kh6 {[#]} 57. Be4 ({White should try} 57. a6 $1 $16 {[%cal Ra6a7]} Nxf3+ 58. gxf3) 57... Rc1+ $1 $11 58. Kf2 {Black must now prevent a6.} Bc4 {[%csl Gc4][%cal Rc1f1]} 59. Be1 (59. Rxc4 $1 $11 {remains equal.} Nxc4 60. Bxf6 Nxa5 61. Bg6) 59... Ng4+ $17 {[%mdl 1024] Black has strong compensation.} 60. Kf3 {[%mdl 64] Double Attack} Ne5+ (60... Rxe1 $17 61. Kxf4 (61. Rxc4 $2 Kg5 $17) 61... Ne5) 61. Kf2 $11 Ng4+ (61... Rd1 $11) 62. Kf3 $17 {[%mdl 64] Double Attack} Ne5+ ({Better is} 62... Rxe1 $17 63. Kxf4 (63. Rxc4 $2 Kg5 $17) 63... Ne5) 63. Kf2 $11 Ng4+ {Accuracy: White = 63%, Black = 44%.} 1/2-1/2

[Event "Panchenko Memorial 2019"]
[Site "Chelyabinsk"]
[Date "2019.09.11"]
[Round "3.2"]
[White "Harutjunyan, Gevorg"]
[Black "Bocharov, Ivan"]
[Result "1-0"]
[WhiteElo "2455"]
[BlackElo "2557"]
[Annotator "TA"]
[PlyCount "89"]
[EventDate "2019.09.09"]
[EventType "swiss"]
[EventCountry "RUS"]
[SourceTitle "playchess.com"]
[Source "ChessBase"]
[SourceQuality "1"]

{[%evp 15,89,32,26,-9,70,69,61,58,149,126,126,141,147,149,145,101,172,59,66,33,168,152,149,174,204,138,114,115,127,128,121,125,147,129,93,91,168,182,174,162,163,160,152,148,150,30,76,39,53,54,198,188,187,195,255,233,303,319,312,123,311,290,720,711,697,710,709,665,2827,2835,2627,2214,29983,29984,29984,29985]} 1. e4 c5 2. Nf3 d6 3. d4 cxd4 4. Nxd4 Nf6 5. Nc3 a6 6. Bg5 e6 7. f4 h6 8. Bh4 Qb6 9. Qd3 {B96: Sicilian Najdorf: 6 Bg5 e6 7 f4, lines other than 7...Qb6 and 7...Be7} (9. a3 Be7 10. Bf2 Qc7 11. Qf3 Nbd7 12. O-O-O b5 13. g4 Bb7 14. h4 Nc5 15. Bd3 h5 16. g5 Ng4 17. Rhg1 {½-½ (25) Grischuk,A (2766)-Vachier Lagrave,M (2779) Saint Louis 2018}) 9... Be7 (9... Qxb2 $11 10. Rb1 Qa3) 10. O-O-O $1 $14 Nbd7 11. Be2 {White is slightly better.} g5 $146 (11... Nc5 $14 12. Qe3 Ng4 13. Bxg4 Bxh4) ({Predecessor:} 11... Qc7 12. Qg3 Rg8 13. Bxf6 Bxf6 14. Kb1 Nc5 15. f5 Be5 16. Qh3 Bd7 17. fxe6 Nxe6 {1-0 (39) Bosiocic,M (2591)-Maghsoodloo,P (2584) Doha 2016}) 12. fxg5 $16 Ne5 13. Qd2 Nh7 14. Nf3 Nxf3 15. gxf3 hxg5 {[#]} (15... Bd7 $16) 16. Bg3 ({White should try} 16. Bf2 $1 $18 {[%cal Rf2b6][%mdl 512]} Qc7 (16... Qxf2 17. Bb5+) 17. h4 gxh4 18. Bxh4) 16... Nf8 $14 17. Na4 Qc6 (17... Qc7 $1 $14) 18. Qb4 $1 $18 {aiming for Nb6.} ({Don't play} 18. Bxd6 $6 Bxd6 19. Qxd6 Qxd6 $14) 18... e5 19. Nb6 Rb8 20. Rd3 {Strongly threatening Rc3.} Ne6 21. Rc3 Nc5 22. Nd5 {And now Bxe5! would win.} b6 {[#]} 23. Qa3 $1 {Threatens to win with b4.} Qb7 24. b4 {[%cal Bb2b4,Bb4b5,Bb5a6][%mdl 32]} Ne6 25. b5 Nc5 (25... axb5 $16 26. Bxb5+ Kf8) 26. bxa6 Qa7 27. Bb5+ Kf8 28. Rd1 Rh6 29. Nb4 $36 {[%cal Bd5b4,Bb4c6,Bc6e7,Be7f5][%mdl 2080] Black must now prevent Nc6. Black is under strong pressure.} Ra8 30. Kb1 (30. Bc6 $16) 30... Bd7 31. Nc6 Qc7 32. Nxe7 Bxb5 {[#]} (32... Kxe7 $14 33. Be2 f6) 33. Nf5 $1 {[%cal Rf5h6]} Rg6 34. h4 Bd7 (34... Be2 {was called for.}) 35. hxg5 (35. h5 Rf6 $14) 35... Bxf5 36. exf5 Rxg5 37. Qc1 $2 (37. f4 $18 {and the rest is easy.} Rxf5 38. fxe5 dxe5 39. Qb4) 37... f6 $2 ({Not} 37... Rxg3 $2 38. Qh6+ Ke7 39. Qh4+ Kd7 40. Qxg3 $18) (37... Rh5 $16) 38. f4 Rxf5 $2 (38... Rh5 39. Ra3 Qc6) 39. fxe5 dxe5 40. Qh6+ Qg7 41. Qh1 e4 42. Bd6+ Kg8 43. Bxc5 bxc5 44. Qxe4 {[%mdl 64] Double Attack} Rb8+ 45. Rb3 {Accuracy: White = 65%, Black = 38%.} 1-0

[Event "Panchenko Memorial 2019"]
[Site "Chelyabinsk"]
[Date "2019.09.11"]
[Round "3.3"]
[White "Volkov, Sergey"]
[Black "Sitnikov, Anton"]
[Result "1-0"]
[WhiteElo "2557"]
[BlackElo "2405"]
[Annotator "TA"]
[PlyCount "101"]
[EventDate "2019.09.09"]
[EventType "swiss"]
[EventCountry "RUS"]
[SourceTitle "playchess.com"]
[Source "ChessBase"]
[SourceQuality "1"]

{[%evp 11,101,26,22,23,29,35,47,39,68,25,31,31,33,34,39,23,29,16,20,15,66,70,130,135,142,135,146,154,361,30,29,27,25,25,14,0,38,56,204,29,33,20,48,0,0,12,20,0,0,-101,-94,-126,-5,-88,-99,-85,-11,-11,0,0,0,0,0,0,0,0,0,0,0,0,147,147,147,147,147,147,159,159,366,376,352,347,323,228,281,217,203,208,6106,5855,4922,4918]} 1. d4 Nf6 2. c4 b6 3. Nc3 Bb7 4. Qc2 d5 5. cxd5 Nxd5 6. Nf3 e6 7. e4 {A50: Queen's Fianchetto Defence (1 d4 Nf6 2 c4 b6)} Nxc3 8. bxc3 Nd7 (8... Be7 9. Bb5+ c6 10. Bd3 O-O 11. O-O Nd7 12. c4 Qc7 13. Bb2 c5 14. d5 {1-0 (35) So,W (2755)-Zhou,J (2580) Las Vegas 2014}) 9. Bd3 {White is slightly better.} c5 10. O-O (10. d5 $5) 10... Rc8 11. Qe2 Be7 12. Bf4 O-O 13. a4 $146 ({Predecessor:} 13. Rfd1) 13... cxd4 14. cxd4 Nb8 15. Rad1 Nc6 (15... Bd6 $11 16. Bd2 Be7) 16. d5 $1 $14 {[%cal Rd5c6]} exd5 ({Better is} 16... Nb4 $14) 17. exd5 $16 Nb4 {[#]} 18. d6 $1 {[%cal Rd6e7][%mdl 512]} Bf6 {[#]} (18... Bxd6 19. Bxd6) 19. d7 $1 $36 {[%mdl 2560] Keeping Black busy.} Rc3 $2 (19... Nxd3 $16 {is a better defense.} 20. dxc8=Q Nxf4 21. Qxb7 Nxe2+ 22. Kh1 Qc8 23. Qxa7 Nc3) (19... Qxd7 20. Bxh7+) 20. Bd6 $2 (20. Bb5 $18) 20... Nxd3 $11 21. Bxf8 Qxd7 {[#]} 22. Bb4 $1 {[%cal Rb4c3][%mdl 512]} Rb3 (22... Nxb4 23. Rxd7) 23. Rfe1 {White threatens Qe8+ and mate.} Bc6 24. Be7 Bb2 (24... Bd4 $14) 25. Bh4 $2 (25. Qc2 $18 Rc3 26. Qb1 Bxf3 27. gxf3) 25... h6 $1 ({Much worse is} 25... Bxa4 $6 26. Rxd3 $1 {[%mdl 512]} Rxd3 27. Qxb2 $16) 26. Qe7 Bxa4 27. Re3 {Black must now prevent Qxd7.} Qxe7 28. Bxe7 Nc1 $1 29. Rd8+ Kh7 30. Ra8 {[#]} (30. h3 $11 {keeps the balance.}) 30... Nd3 $1 $17 31. h3 {[#]} a5 ({Black should try} 31... Bc1 $1 $17 {...a5 is the strong threat.} 32. Rxa7 Bxe3 33. fxe3 Bc6) 32. Bd8 (32. Rd8 $11 Nc5 33. Rb8 Rxe3 34. fxe3) 32... Bc1 33. Bxb6 Bxe3 (33... Rb1 $17 34. Kh2 Nxf2) 34. Bxe3 $11 Rb5 35. Ra7 f6 36. Nd4 Re5 37. g4 h5 38. Nf5 hxg4 39. hxg4 Bd1 40. Bd4 (40. Rxg7+ {is interesting.} Kh8 41. Rd7 Bxg4 42. Rd8+ Kh7 43. Rd7+) 40... Bxg4 (40... Re1+ $11 41. Kg2 (41. Kh2 Ne5 $11) 41... Ne5) 41. Bxe5 $16 Nxe5 42. Nxg7 $11 {[%mdl 4096] Endgame KRN-KBN} Kg6 43. Ne8 Bd7 44. Nd6 a4 $2 (44... Kg5 $16 45. Nf7+ (45. Rxa5 Kf4 $18) 45... Nxf7) 45. f4 $18 Nf3+ 46. Kf2 Bc6 47. Rc7 Bd5 48. Rc5 Ba8 49. Rc3 Kh5 $2 (49... Nd4 50. Rc4 Nf5) 50. Rc8 Bd5 51. Rc5 {Accuracy: White = 49%, Black = 39%.} 1-0

[Event "Panchenko Memorial 2019"]
[Site "Chelyabinsk"]
[Date "2019.09.11"]
[Round "3.4"]
[White "Radzhabov, Rodion"]
[Black "Frolyanov, Dmitry"]
[Result "1/2-1/2"]
[WhiteElo "2384"]
[BlackElo "2556"]
[Annotator "TA"]
[PlyCount "81"]
[EventDate "2019.09.09"]
[EventType "swiss"]
[EventCountry "RUS"]
[SourceTitle "playchess.com"]
[Source "ChessBase"]
[SourceQuality "1"]

{[%evp 17,81,0,6,20,20,8,23,15,7,0,0,0,0,0,0,0,0,0,0,0,0,0,0,0,0,0,0,0,0,0,0,0,0,0,4,0,0,0,27,16,24,8,8,10,41,31,75,25,25,27,24,26,26,24,24,24,35,15,15,15,15,8,9,8,8,9]} 1. e4 c5 2. Nf3 Nc6 3. Bb5 g6 4. Bxc6 bxc6 5. O-O Bg7 6. Re1 Nh6 7. c3 O-O 8. d4 cxd4 9. cxd4 d5 10. e5 {B31: Sicilian: 2...Nc6 3 Bb5 g6} f6 11. h3 fxe5 12. Nxe5 {White has an edge.} Qb6 13. b3 Nf7 14. Bf4 Nd6 15. Be3 Nf5 $1 16. Nc3 {[%cal Bb1c3,Bc3a4,Ba4c5,Bc5d3][%mdl 32]} Bxe5 $1 17. dxe5 Nxe3 18. fxe3 {[#]} Be6 $146 19. Na4 Qc7 20. Qd4 Rf5 21. Rac1 Raf8 22. Nc5 Qxe5 23. Qxe5 Rxe5 24. Nd3 Rg5 25. h4 Rg4 26. Ne5 $36 {[%mdl 2048] White has some pressure.} Rxh4 27. Nxc6 Rf7 28. Nxa7 Bd7 29. Red1 e6 30. Rd4 Rh5 31. a4 e5 32. Rb4 d4 33. exd4 exd4 34. Rxd4 Be6 35. Nc6 {[#] Black must now prevent Nd8.} Bxb3 36. a5 {Hoping for a6.} Bd5 37. Nb4 Bxg2 $1 {The position is equal.} 38. Kxg2 {a6 is the strong threat.} Rxa5 39. Rc3 Rg5+ 40. Rg3 Rxg3+ 41. Kxg3 {Accuracy: White = 65%, Black = 87%.} 1/2-1/2

[Event "Panchenko Memorial 2019"]
[Site "Chelyabinsk"]
[Date "2019.09.11"]
[Round "3.5"]
[White "Remizov, Yaroslav"]
[Black "Kostenko, Petr"]
[Result "1-0"]
[WhiteElo "2354"]
[BlackElo "2472"]
[Annotator "TA"]
[PlyCount "31"]
[EventDate "2019.09.09"]
[EventType "swiss"]
[EventCountry "RUS"]
[SourceTitle "playchess.com"]
[Source "ChessBase"]
[SourceQuality "1"]

{[%evp 15,83,32,54,48,72,41,73,83,80,83,93,93,115,119,174,174,209,156,177,160,163,133,135,92,173,60,81,0,0,-2,0,0,0,0,0,0,0,0,0,0,35,0,411,150,161,0,0,0,0,0,0,0,0,0,0,0,0,-238,191,0,29994,29993,29995,29996,29996,29997,29997,29998,29998,29999]} 1. e4 c5 2. Nf3 e6 3. d4 cxd4 4. Nxd4 a6 5. c4 Nf6 6. Nc3 Qc7 7. Be2 Bb4 8. O-O Nc6 9. Bg5 {B41: Sicilian: Kan Variation: 5 c4} h5 10. Nxc6 bxc6 $146 ({Predecessor:} 10... dxc6 11. Qd3 e5 12. Rac1 h4 13. a3 Be7 14. Qe3 h3 15. g3 Ng4 16. Bxg4 Bxg4 {0-1 (45) Givon,A (2459)-Smirin,I (2660) Beersheba 2014}) 11. Qd3 {White is better.} Ng4 {[%csl Gg4][%cal Rc7h2]} 12. Qh3 Qe5 13. Bd2 g5 14. Rad1 Bb7 (14... Bc5 $16) 15. Kh1 $1 $18 Bc5 16. Na4 {Played: f2-f4} 1-0

[Event "Panchenko Memorial 2019"]
[Site "Chelyabinsk"]
[Date "2019.09.11"]
[Round "3.6"]
[White "Shaposhnikov, Evgeny"]
[Black "Mukhutdinov, Tigran"]
[Result "1-0"]
[WhiteElo "2572"]
[BlackElo "2285"]
[Annotator "TA"]
[PlyCount "169"]
[EventDate "2019.09.09"]
[EventType "swiss"]
[EventCountry "RUS"]
[SourceTitle "playchess.com"]
[Source "ChessBase"]
[SourceQuality "1"]

{[%evp 9,169,27,19,18,21,6,18,4,6,3,12,13,32,33,32,32,37,40,20,15,43,25,45,52,60,54,57,58,68,64,68,63,65,47,77,78,84,84,90,88,93,91,99,96,106,106,108,106,114,114,130,104,108,102,114,114,114,100,106,101,102,102,102,102,102,104,105,94,103,83,103,101,109,109,116,96,108,94,94,94,113,108,102,96,97,79,114,120,126,114,131,125,139,129,128,81,81,79,75,51,68,48,51,33,51,43,37,27,27,21,37,31,51,51,51,51,81,66,81,58,58,58,58,58,93,93,93,88,93,58,58,58,58,58,58,58,58,65,88,88,139,139,139,70,191,145,177,172,303,283,1500,1498,1076,941,1007,863,29992,1339,29994,29995,29995,29996]} 1. c4 Nf6 2. Nf3 g6 3. d4 Bg7 4. e3 O-O 5. Be2 b6 (5... c5 6. dxc5 Ne4 7. Nd4 Nc6 8. O-O Nxc5 9. Nc3 d6 10. b3 Ne6 11. Nxe6 Bxe6 12. Bb2 d5 13. cxd5 Bxd5 {½-½ (27) Mamedyarov,S (2774)-Vachier Lagrave,M (2779) Zagreb 2019}) 6. O-O {E60: King's Indian: Unusual lines and Fianchetto Variation without Nc3} Bb7 7. b3 e6 8. Ba3 {The position is equal.} Re8 9. Nc3 d5 10. Rc1 a6 11. Qc2 $146 {[%mdl 2048] White has good play.} ({Predecessor:} 11. Ne5 Nbd7 12. cxd5 Nxe5 13. dxe6 Rxe6 14. dxe5 Rxe5 15. Bf3 Qxd1 16. Rfxd1 Bxf3 17. gxf3 {½-½ (43) Markowski,T (2578)-Bartel,M (2641) Poland 2015}) 11... Nbd7 12. Rfd1 Rc8 13. Na4 Ne4 14. c5 Nb8 15. Nc3 (15. Bb2 {is interesting.} Nc6 16. a3 b5 17. Nc3 Qe7 18. b4) 15... Nxc3 16. Qxc3 Nc6 17. Bb2 b5 18. Qd2 Rb8 19. a4 Bc8 20. axb5 axb5 21. Ra1 Bd7 22. Ra6 Qc8 23. Rda1 Qb7 24. b4 Bc8 25. R6a3 Bd7 26. Bc3 Qc8 27. Ra6 Ne7 28. Ne5 {Black must now prevent c6.} Bxe5 29. dxe5 Bc6 30. f3 Qd7 31. h3 Red8 32. Bd3 Qe8 33. R1a3 Ra8 34. Qa2 Rxa6 35. Rxa6 Rb8 36. Ra7 Qd8 37. Ra5 Be8 38. Qf2 Nc6 39. Ra3 ({But not} 39. Rxb5 $6 Ra8 $11) 39... Ne7 40. Qh4 Nf5 41. Qxd8 Rxd8 42. Bd2 Ne7 43. Kf2 Nc6 44. f4 Rb8 45. Ke2 Kg7 46. Bc3 Rd8 47. g3 Rb8 48. g4 Kg8 49. Kd2 Bd7 50. Kc2 Be8 51. Kb3 Rd8 52. Bxb5 Nd4+ {[%mdl 64] Discovered Attack} 53. exd4 Bxb5 $16 {[%mdl 4096] Endgame KRB-KRB} 54. Ra7 Rc8 55. Be1 Kf8 56. Bf2 Ke8 57. Ra5 Rb8 58. Kc3 Kd7 59. Ra1 Rg8 60. Kd2 Bc4 61. Ke3 Rb8 62. Be1 Rh8 63. Kf3 h5 64. Kg3 hxg4 65. Kxg4 Be2+ 66. Kg3 Bf1 67. h4 Kc6 68. Ra7 Bb5 69. Bf2 Be2 70. Ra2 Bc4 71. Ra5 Be2 72. Be1 Rb8 73. Ra7 Rh8 74. b5+ Bxb5 (74... Kxb5 $142 75. Rxc7 Rf8 76. Rb7+ Ka6 77. Rb6+ Ka7) 75. Ba5 {[%csl Ga5][%cal Ra7c7]} Rc8 76. Kg4 Be2+ (76... Ba6 $1 $14) 77. Kg5 $18 Kd7 78. Kf6 Bg4 (78... Bh5 $142 79. Be1 (79. Kxf7 g5+ 80. Kg7 gxh4 $11) 79... Rb8) 79. Kxf7 {And now Ra6 would win.} Bf5 $2 (79... Bh5 80. c6+ {[%mdl 64] Deflection} Kxc6 81. Kxe6 Re8+ 82. Kf6 Rf8+ 83. Ke7 Rc8) 80. Ra6 Bd3 81. c6+ Kd8 82. Ra7 {Hoping for Bb4.} Bf5 83. Rb7 (83. Bb4 $142 Rb8 {[#]} 84. Bd6 $1 {[%mdl 576] Promotion} cxd6 85. exd6 g5 86. c7+ {[%mdl 64] Double Attack} Kc8 87. d7+ $1 {[%mdl 576] Promotion} Kxd7 88. cxb8=Q+ {[%mdl 64] Discovered Attack} Kc6 89. Qc8+ Kd6 90. Qd7#) 83... Ra8 84. Bxc7+ Kc8 85. Bd6 {Accuracy: White = 59%, Black = 49%.} 1-0

[Event "Panchenko Memorial 2019"]
[Site "Chelyabinsk"]
[Date "2019.09.11"]
[Round "3.7"]
[White "Mischuk, Dmitry"]
[Black "Zakhartsov, Vladimir"]
[Result "1/2-1/2"]
[WhiteElo "2372"]
[BlackElo "2519"]
[Annotator "TA"]
[PlyCount "97"]
[EventDate "2019.09.09"]
[EventType "swiss"]
[EventCountry "RUS"]
[SourceTitle "playchess.com"]
[Source "ChessBase"]
[SourceQuality "1"]

{[%evp 11,97,10,9,2,0,0,0,0,38,21,16,20,43,31,38,33,38,9,9,9,16,12,15,13,16,14,14,14,14,13,16,14,43,6,4,8,6,0,0,0,0,-31,-12,-14,0,0,0,-22,-35,-28,-22,-22,-37,-26,-31,-29,-34,-55,-55,-62,-25,-25,-25,-54,0,0,85,62,59,8,8,8,8,8,8,8,8,0,0,0,8,0,0,0,0,0,0,0]} 1. c4 e5 2. Nc3 Nf6 3. Nf3 Nc6 {[%cal Bb8c6,Bc6d4,Bd4e2][%mdl 32]} 4. e4 d6 5. d4 Bg4 6. d5 Nd4 7. Be2 {A28: English Opening: Four Knights Variation} (7. Be3 {seems wilder.} Nxf3+ 8. gxf3 Bd7 9. Qd2 g6 10. O-O-O) 7... Nxe2 8. Qxe2 Be7 (8... g6 9. h3 Bd7 10. Bg5 Bg7 11. O-O-O a6 12. a3 Qe7 13. Kb1 h6 14. Be3 c5 15. dxc6 Bxc6 {1-0 (58) Gajewski,G (2648)-Socko,B (2623) Poznan 2015}) 9. h3 Bd7 10. Be3 O-O 11. O-O $146 ({Predecessor:} 11. O-O-O c5 12. g4 Ne8 13. Rdg1 a6 14. g5 b5 {1-0 (29) Isaksen,B-Barda,Y Esbjerg 1976}) 11... Ne8 12. Nd2 Bg5 13. Rac1 Qe7 14. Kh1 g6 15. Bxg5 Qxg5 16. f4 exf4 17. Qf2 Ng7 18. Qxf4 Qxf4 19. Rxf4 f5 20. exf5 Nxf5 {[#] Hoping for ...Ng3+.} 21. Kg1 g5 22. Re4 Rf7 23. Rce1 Raf8 24. Nb5 Bxb5 25. cxb5 Nh4 26. Nc4 Rf2 27. R1e2 Rxe2 28. Rxe2 $11 {[%mdl 4096] Endgame KRN-KRN} Ng6 29. Rc2 Nf4 30. Ne3 Re8 31. Kf2 Nd3+ 32. Ke2 Nb4 {[%mdl 64] [#] Double Attack} 33. Rd2 Nxa2 34. Rd4 Nc1+ $1 35. Kf3 Nb3 (35... h5 $5 {[%cal Re8f8]} 36. g4 Nb3 $15) 36. Ra4 b6 37. Nf5 Nd2+ (37... h5 $15) 38. Kg4 Re4+ (38... Ne4 $11 {remains equal.}) 39. Rxe4 $16 Nxe4 {KN-KN} 40. Nd4 (40. Ne3 $1 $14) 40... Kf7 $11 {The position is equal.} 41. Kf5 Nf6 {Threatens to win with ...h6.} 42. Kxg5 Nxd5 43. g4 Nb4 44. Kf5 a5 45. b3 Nd5 46. h4 Ne7+ 47. Kg5 Ng8 48. Kf5 Ne7+ 49. Kg5 {Accuracy: White = 49%, Black = 72%.} 1/2-1/2